10 Biggest Countries in North America - Statistics

General Stats
  • This quiz has been taken 183 times
  • The average score is 9 of 10
Answer Stats
Hint Answer % Correct
1. Canada
100%
3. Mexico
99%
2. United States of America
99%
6. Cuba
88%
8. Panama
87%
4. Nicaragua
83%
9. Costa Rica
82%
5. Honduras
82%
7. Guatemala
78%
10. Belize
68%
No matching quizzes found
Score Distribution
Percent of People with Each Score
Percentile by Number Answered
Your Score History
You have not taken this quiz